书目信息 |
| 题名: |
理论力学习题详解
|
|
| 作者: | 朱四荣 主编 | |
| 分册: | ||
| 出版信息: | 武汉 武汉理工大学出版社 2009.08 |
|
| 页数: | 205页 | |
| 开本: | 26cm | |
| 丛书名: | ||
| 单 册: | ||
| 中图分类: | O31 | |
| 科图分类: | ||
| 主题词: | 理论力学--高等学校--解题 | |
| 电子资源: | ||
| ISBN: | 978-7-5629-3011-2 | |
| 000 | 00859nam0 2200229 450 | |
| 001 | 012010610858 | |
| 005 | 20100613115911.21 | |
| 010 | @a978-7-5629-3011-2@dCNY18.00 | |
| 100 | @a20100515d2009 em y0chiy0110 ea | |
| 101 | 0 | @achi |
| 102 | @aCN@b420000 | |
| 105 | @ay q 000yy | |
| 200 | 1 | @a理论力学习题详解@Ali lun li xue xi ti xiang jie@f朱四荣主编 |
| 210 | @a武汉@c武汉理工大学出版社@d2009.08 | |
| 215 | @a205页@d26cm | |
| 300 | @a《理论力学》(李卓球主编)配套学习用书 | |
| 330 | @a本书包括静力学基本概念与受力分析,平面力系,空间力系,摩擦,点的运动学描述和刚体的简单运动,点的合成运动,刚体的平面运动、动量定理,动量矩定理,动能定理,达朗贝尔原理,虚位移原理,动力学普遍方程和拉格朗日方程等内容。 | |
| 606 | 0 | @a理论力学@x高等学校@x解题 |
| 690 | @aO31@v4 | |
| 701 | 0 | @a朱四荣@Azhu si rong@4主编 |
| 801 | 0 | @aCN@c20100515 |
| 905 | @dO31@eZ877@f3 | |
| 理论力学习题详解/朱四荣主编.-武汉:武汉理工大学出版社,2009.08 |
| 205页;26cm |
| 《理论力学》(李卓球主编)配套学习用书 |
| ISBN 978-7-5629-3011-2:CNY18.00 |
| 本书包括静力学基本概念与受力分析,平面力系,空间力系,摩擦,点的运动学描述和刚体的简单运动,点的合成运动,刚体的平面运动、动量定理,动量矩定理,动能定理,达朗贝尔原理,虚位移原理,动力学普遍方程和拉格朗日方程等内容。 |
| ● |
| 相关链接 |
|
|
|
正题名:理论力学习题详解
索取号:O31/Z877
 
预约/预借
| 序号 | 登录号 | 条形码 | 馆藏地/架位号 | 状态 | 备注 |